Rights to light (Record no. 79231)
[ view plain ]
| 000 -LEADER | |
|---|---|
| fixed length control field | 01553cad a22002535a 4500 |
| 001 - CONTROL NUMBER | |
| control field | L140201 |
| 008 - FIXED-LENGTH DATA ELEMENTS--GENERAL INFORMATION | |
| fixed length control field | 070912e20070704xxk f 000 0 eng d |
| 035 ## - SYSTEM CONTROL NUMBER | |
| System control number | (Sirsi) u140201 |
| 041 0# - LANGUAGE CODE | |
| Language code of text/sound track or separate title | eng |
| 100 1# - MAIN ENTRY--PERSONAL NAME | |
| Personal name | DeLaney, Caroline |
| 245 00 - TITLE STATEMENT | |
| Title | Rights to light |
| Remainder of title | recent decisions |
| Medium | [electronic resource] |
| 260 ## - PUBLICATION, DISTRIBUTION, ETC. | |
| Date of publication, distribution, etc. | 2007 |
| 490 #0 - SERIES STATEMENT | |
| Series statement | RICS Feature |
| Volume/sequential designation | 4 July 2007 |
| 520 ## - SUMMARY, ETC. | |
| Summary, etc. | Discusses two recent rights to light cases. In "Tamares (Vincent Square) Ltd v Fairpoint Properties (Vincent Square) Ltd" ([2006] EWHC 3589 (Ch), L136179, [2007] EWHC 212 (Ch), L136793) the court applied the rule in "Shelfer v City of London Electric Lighting Co Ltd" ([1895] 1 Ch 287) and concluded it would be oppressive to grant an injunction, and awarded damages of £50 000, just below 30% of the developer's profits. In "Regan v Paul Properties Ltd" ([2006] EWCA Civ 1319, L135566), an injunction was granted by the CA as the developer had taken a risk in continuing after Regan's complaint, even though it had received incorrect advice. |
| 590 ## - LOCAL NOTE (RLIN) | |
| Local note | KA |
| 650 24 - SUBJECT ADDED ENTRY--TOPICAL TERM | |
| Topical term or geographic name entry element | TAMARES (VINCENT SQUARE) LTD V FAIRPOINT PROPERTIES (VINCENT SQUARE) LTD |
| 650 24 - SUBJECT ADDED ENTRY--TOPICAL TERM | |
| Topical term or geographic name entry element | SHELFER V CITY OF LONDON ELECTRIC LIGHTING CO |
| 650 24 - SUBJECT ADDED ENTRY--TOPICAL TERM | |
| Topical term or geographic name entry element | REGAN V PAUL PROPERTIES LTD AND OTHERS |
| 651 #4 - SUBJECT ADDED ENTRY--GEOGRAPHIC NAME | |
| Geographic name | England and Wales |
| Chronological subdivision | 1543- |
| 690 ## - LOCAL SUBJECT ADDED ENTRY--TOPICAL TERM (OCLC, RLIN) | |
| Topical term or geographic name as entry element | PROPERTY-PROPERTY MANAGEMENT-EASEMENTS-RIGHTS TO LIGHT DETERMINATION |
| 710 ## - ADDED ENTRY--CORPORATE NAME | |
| Corporate name or jurisdiction name as entry element | Cameron McKenna |
| 9 (RLIN) | 3669 |
| 856 40 - ELECTRONIC LOCATION AND ACCESS | |
| Uniform Resource Identifier | <a href="https://www.rics.org/RICSWEB/getpage.aspx?p=P4nMzzwO6UGXClxMK2Qv9A">https://www.rics.org/RICSWEB/getpage.aspx?p=P4nMzzwO6UGXClxMK2Qv9A</a> |
| Public note | View the article free of charge at www.rics.org... |
| 942 ## - ADDED ENTRY ELEMENTS (KOHA) | |
| Suppress in OPAC | 0 |
| Withdrawn status | Lost status | Source of classification or shelving scheme | Damaged status | Not for loan | Home library | Current library | Shelving location | Date acquired | Total Checkouts | Full call number | Barcode | Date last seen | Copy number | Price effective from | Koha item type |
|---|---|---|---|---|---|---|---|---|---|---|---|---|---|---|---|
| Dewey Decimal Classification | Virtual | Virtual | Online | 12/09/2007 | ONLINE PUBLICATION | 140201-2001 | 06/08/2019 | 1 | 06/08/2019 | Journal article |